[Event "Millionaire Chess Op 2016"]
[Site "Atlantic City USA"]
[Date "2016.10.08"]
[Round "6.10"]
[White "Sevian, Samuel"]
[Black "Chandra, Akshat"]
[Result "1/2-1/2"]
[WhiteTitle "GM"]
[BlackTitle "IM"]
[WhiteElo "2591"]
[BlackElo "2490"]
[WhiteFideId "2040506"]
[BlackFideId "25006711"]
[EventDate "2016.10.06"]

1. e4 e6 2. d4 d5 3. Nc3 Bb4 4. e5 c5 5. a3 Ba5 6. b4 cxd4 7. Qg4 Kf8 8. Nb5 Bb6
9. Nf3 Nc6 10. Bb2 Nge7 11. Bd3 Ng6 12. Qg3 f6 13. Bxg6 hxg6 14. Nbxd4 Nxe5 15.
Nxe5 fxe5 16. Qxe5 Rh5 17. Nxe6+ Bxe6 18. Qxe6 Qe8 19. Qxe8+ Rxe8+ 20. Kd1 Rg5
21. g3 Bxf2 22. Kd2 Rf5 23. Rad1 Re4 24. Rhf1 g5 25. Kc1 g6 26. Kb1 Ke7 27. Rd2
Bb6 28. Rfd1 Ke6 29. h3 g4 30. hxg4 Rxg4 31. Re2+ Re4 32. Rde1 1/2-1/2

[Event "Millionaire Chess Op 2016"]
[Site "Atlantic City USA"]
[Date "2016.10.08"]
[Round "6.11"]
[White "Liang, Awonder"]
[Black "Ramirez, Alejandro"]
[Result "1-0"]
[WhiteTitle "IM"]
[BlackTitle "GM"]
[WhiteElo "2478"]
[BlackElo "2568"]
[WhiteFideId "2056437"]
[BlackFideId "6500617"]
[EventDate "2016.10.06"]

1. e4 c5 2. Nf3 e6 3. d4 cxd4 4. Nxd4 a6 5. Bd3 Qc7 6. O-O Bc5 7. Nb3 Be7 8. Nc3
d6 9. a4 b6 10. f4 Nd7 11. Qe2 Ngf6 12. Kh1 Bb7 13. Bd2 h5 14. Rf3 g6 15. Raf1
Ng4 16. Nd1 Bf6 17. Rg3 Bh4 18. Rh3 Bf6 19. Rg3 Bh4 20. Rgf3 Bf6 21. h3 Bg7 22.
Rg3 Ngf6 23. Bc3 h4 24. Rgf3 Nh5 25. Be1 e5 26. f5 Nf4 27. Rxf4 exf4 28. Rxf4 g5
29. Rf1 Bf6 30. Ne3 Kf8 31. Ng4 Re8 32. Qe3 Rg8 33. Bb4 Be5 34. Nd4 Ke7 35. Nh6
Rh8 36. f6+ Nxf6 37. Qxg5 Rxh6 38. Nf5+ Kd8 39. Nxh6 Qe7 40. Bxd6 Bxd6 41. Rxf6
Kc8 42. Nf5 1-0

[Event "Millionaire Chess Op 2016"]
[Site "Atlantic City USA"]
[Date "2016.10.08"]
[Round "6.12"]
[White "Panchanathan, Magesh Chandran"]
[Black "Mitkov, Nikola"]
[Result "1/2-1/2"]
[WhiteTitle "GM"]
[BlackTitle "GM"]
[WhiteElo "2509"]
[BlackElo "2450"]
[WhiteFideId "5007429"]
[BlackFideId "15000290"]
[EventDate "2016.10.06"]

1. d4 d5 2. Nf3 Nf6 3. c4 e6 4. Nc3 Bb4 5. cxd5 exd5 6. Qa4+ Nc6 7. Bg5 h6 8.
Bxf6 Qxf6 9. e3 O-O 10. Be2 Be6 11. O-O a6 12. Rac1 Bd6 13. Rfe1 g5 14. g3 Qg7
15. Bf1 Ne7 16. Bg2 Rad8 17. Nd2 c6 18. Qb3 Bc8 19. Na4 Nf5 20. Nb6 Be6 21. Na4
Bc8 22. Nc5 f6 23. Bh3 g4 24. Bg2 Rf7 25. Qd3 h5 26. b4 Qh6 27. a4 h4 28. Nf1
hxg3 29. fxg3 Bc7 30. Nxb7 Re8 31. Nc5 Rfe7 32. Kf2 a5 33. b5 Nd6 34. bxc6 Ne4+
35. Nxe4 dxe4 36. Qb5 Kg7 37. d5 Rd8 38. Red1 f5 39. Rc2 Re5 40. Qc5 Qf6 41. Rd4
Qd6 42. Qc3 Qf6 43. Qb3 Qd6 44. Rcd2 Ba6 45. Rd1 Rb8 46. Qc3 Bb6 47. R4d2 Kg6
48. Rb2 Rxd5 49. Rxd5 Qxd5 50. Nd2 Bxe3+ 51. Kxe3 Rxb2 52. Qxb2 Qd3+ 53. Kf4
Qd6+ 54. Ke3 f4+ 55. Kf2 e3+ 56. Ke1 exd2+ 57. Qxd2 Qe5+ 58. Kd1 Qa1+ 59. Kc2
Qxa4+ 60. Kb2 Qb5+ 61. Ka2 Qa4+ 62. Kb2 Qb5+ 63. Ka2 Qa4+ 1/2-1/2

[Event "Millionaire Chess Op 2016"]
[Site "Atlantic City USA"]
[Date "2016.10.08"]
[Round "6.13"]
[White "Sorkin, Igor"]
[Black "Holt, Conrad"]
[Result "1/2-1/2"]
[WhiteTitle "FM"]
[BlackTitle "GM"]
[WhiteElo "2390"]
[BlackElo "2549"]
[WhiteFideId "2803283"]
[BlackFideId "2034387"]
[EventDate "2016.10.06"]

1. d4 d5 2. Bf4 c5 3. e3 Nc6 4. c3 Bf5 5. Qb3 Qd7 6. Nf3 c4 7. Qd1 e6 8. Nbd2 b5
9. a4 b4 10. e4 Bxe4 11. Nxe4 dxe4 12. Nd2 Nf6 13. Nxc4 bxc3 14. bxc3 Nd5 15.
Bd2 Be7 16. Qg4 O-O 17. Qxe4 Rfd8 18. Be2 Nf6 19. Qc2 Rac8 20. Rd1 Qd5 21. O-O
g6 22. Bc1 Bf8 23. Bb2 Rb8 24. Ba1 Rdc8 25. Rb1 e5 26. Rb5 Qe6 27. dxe5 Rxb5 28.
axb5 Nxe5 29. Nxe5 Qxe5 30. c4 Qe7 31. Bd4 Ne4 32. Bf3 Nd6 33. Bc6 Nf5 34. Bb2
Bg7 35. Bxg7 Kxg7 36. Rd1 Qe5 37. Qd3 h5 38. g3 h4 39. Kg2 hxg3 40. hxg3 Ne7 41.
Bf3 Rc7 42. Rh1 Rc8 43. Rh4 Nf5 44. Re4 Qd6 45. Qc3+ Qf6 46. Qxf6+ Kxf6 47. Bg4
Rc7 48. Rf4 Ke5 49. Bxf5 gxf5 50. Kf3 a6 51. bxa6 Rc6 52. c5 Rxa6 53. Rc4 Ra3+
54. Ke2 Kd5 55. Rf4 Ke5 56. Kd2 Ra5 57. Rc4 Kd5 58. Rc2 Rxc5 59. Rxc5+ Kxc5 60.
Ke3 Kd5 61. Kf4 Ke6 62. Kg5 Ke5 63. f3 f6+ 64. Kg6 f4 65. g4 1/2-1/2

[Event "Millionaire Chess Op 2016"]
[Site "Atlantic City USA"]
[Date "2016.10.08"]
[Round "6.14"]
[White "Stripunsky, Alexander"]
[Black "Sturt, Raven M"]
[Result "1-0"]
[WhiteTitle "GM"]
[WhiteElo "2548"]
[BlackElo "2389"]
[WhiteFideId "2015315"]
[BlackFideId "2007304"]
[EventDate "2016.10.06"]

1. e4 e5 2. Nf3 Nc6 3. g3 Bc5 4. Bg2 Nf6 5. d3 d6 6. O-O O-O 7. c3 Re8 8. b4 Bb6
9. Nbd2 a6 10. Bb2 h6 11. a3 Ba7 12. h3 Ne7 13. d4 Ng6 14. dxe5 dxe5 15. Qe2 Nh5
16. Kh2 Ngf4 17. gxf4 Nxf4 18. Qd1 Qf6 19. c4 Qe6 20. Ng1 Rd8 21. c5 b6 22. Rc1
bxc5 23. bxc5 a5 24. Rc3 Ba6 25. Bc1 Nd3 26. Qc2 Qe7 27. Nb3 a4 28. Na5 Qf6 29.
Be3 Nf4 30. Rd1 Qg5 31. Bh1 Qf6 32. Rxd8+ Rxd8 33. Qxa4 Nd3 34. Qc6 Qh4 35. Nf3 1-0

[Event "Millionaire Chess Op 2016"]
[Site "Atlantic City USA"]
[Date "2016.10.08"]
[Round "6.15"]
[White "Lederer, Yoav"]
[Black "Barbosa, Oliver"]
[Result "0-1"]
[BlackTitle "GM"]
[WhiteElo "2324"]
[BlackElo "2515"]
[WhiteFideId "2800292"]
[BlackFideId "5201640"]
[EventDate "2016.10.06"]

1. Nf3 d5 2. g3 c6 3. Bg2 Bg4 4. d3 Nd7 5. h3 Bh5 6. O-O Ngf6 7. Qe1 e5 8. e4
dxe4 9. dxe4 Bc5 10. Nbd2 O-O 11. Nc4 Re8 12. a4 Bf8 13. b3 Qc7 14. Bb2 a5 15.
Bc3 b6 16. Nh4 Nc5 17. Qe3 Nfd7 18. Bf3 Bxf3 19. Nxf3 f6 20. Rfd1 Nb7 21. Kg2
Ndc5 22. Qe2 b5 23. Ncd2 Nd6 24. Bb2 Qb7 25. Ba3 Nf7 26. Bxc5 Bxc5 27. Nb1 Reb8
28. Nc3 Bf8 29. axb5 cxb5 30. Nd5 a4 31. b4 Rc8 32. c3 Nd6 33. Nh4 Rc4 34. f3
Re8 35. g4 Rc6 36. Nf5 Nf7 37. Nfe3 Ng5 38. c4 bxc4 39. Rxa4 Kh8 40. Qa2 c3 41.
Ra7 Qb8 42. Qa4 Rcc8 43. Qa6 Ne6 44. Rb7 Qd6 45. Rb6 Nf4+ 46. Kg3 Qd7 47. Nxc3
Qf7 48. Ncd5 Ra8 49. Qc4 Qa7 50. Rc6 h5 51. gxh5 Nxh5+ 52. Kh2 Qa3 53. Qc3 Qa4
54. Nb6 Qb5 55. Qc4 Qxc4 56. Rxc4 Ra3 57. Nbd5 Nf4 58. Kg3 Ne2+ 59. Kf2 Nd4 60.
Rd2 Rb3 61. Rcxd4 exd4 62. Rxd4 Bd6 63. Rc4 Ra8 64. Rc2 Be5 65. f4 Bd4 66. Ke2
Ra1 67. Nf5 Ba7 68. Rc3 Rbb1 69. Kd3 Re1 70. b5 Rad1+ 71. Kc2 Rb1 72. Rc8+ Kh7
73. Rc7 Rec1+ 74. Kd3 Rxc7 75. Nxc7 Bb8 76. Nd5 Rxb5 77. h4 Rb3+ 78. Kc4 Rf3 79.
Nd4 Rf2 80. Ne6 Bd6 81. Kb5 Rh2 82. Kc6 Ba3 83. e5 Re2 84. Kd7 fxe5 85. fxe5
Rxe5 86. Ndf4 Rf5 87. h5 Bc1 88. Ng6 Rxh5 89. Ne7 Ra5 90. Nf8+ Kh6 91. Ke6 Ra6+
92. Kf7 Rf6+ 93. Kg8 g5 94. Nh7 Rf1 95. Nd5 g4 96. Nhf6 g3 97. Ng4+ Kg5 0-1

[Event "Millionaire Chess Op 2016"]
[Site "Atlantic City USA"]
[Date "2016.10.08"]
[Round "6.16"]
[White "Jere, Daniel"]
[Black "Paragua, Mark"]
[Result "0-1"]
[WhiteTitle "IM"]
[BlackTitle "GM"]
[WhiteElo "2371"]
[BlackElo "2503"]
[WhiteFideId "8700249"]
[BlackFideId "5201241"]
[EventDate "2016.10.06"]

1. c4 c6 2. g3 Nf6 3. Bg2 d5 4. Nf3 Bg4 5. Ne5 Be6 6. cxd5 Bxd5 7. Nf3 c5 8. Nc3
Bc6 9. O-O Nbd7 10. d4 e6 11. Be3 cxd4 12. Nxd4 Bxg2 13. Kxg2 Be7 14. Rc1 O-O
15. f3 a6 16. Bf2 Rc8 17. a4 Bc5 18. Qb3 Qb6 19. Qxb6 Nxb6 20. Rfd1 Nc4 21. Rb1
Rfd8 22. b3 Nd6 23. e4 Nd7 24. Nde2 Bxf2 25. Kxf2 Ne5 26. Rd2 Kf8 27. Rbd1 Ke7
28. h3 Nc6 29. Rd3 f6 30. Nb1 b5 31. axb5 axb5 32. Nd4 Ne5 33. R3d2 b4 34. Ne2
Ra8 35. Nf4 Ndf7 36. Rxd8 Nxd8 37. Nd2 Ndc6 38. Ne2 Rd8 39. f4 Nd3+ 40. Ke3 Nb2
41. Rc1 Rd3+ 42. Kf2 Nd4 43. Nxd4 Rxd2+ 44. Ne2 Nd3+ 45. Ke3 Nxc1 46. Kxd2 Nxb3+
47. Kd3 e5 48. fxe5 fxe5 49. Kc4 Nd2+ 50. Kd3 Nf3 51. Kc4 Ng5 52. Kxb4 Nxe4 0-1

[Event "Millionaire Chess Op 2016"]
[Site "Atlantic City USA"]
[Date "2016.10.08"]
[Round "6.17"]
[White "Perelshteyn, Eugene"]
[Black "Katz, Alexander R"]
[Result "1-0"]
[WhiteTitle "GM"]
[BlackTitle "IM"]
[WhiteElo "2489"]
[BlackElo "2369"]
[WhiteFideId "2012529"]
[BlackFideId "2039796"]
[EventDate "2016.10.06"]

1. d4 Nf6 2. c4 e6 3. Nc3 Bb4 4. g3 c5 5. Nf3 Ne4 6. Qc2 Qa5 7. Bg2 Nxc3 8. O-O
Nc6 9. d5 Nd4 10. Nxd4 cxd4 11. bxc3 Bxc3 12. Rb1 O-O 13. Rb5 Qc7 14. Ba3 d6 15.
c5 dxc5 16. Rxc5 Qd8 17. Rd1 e5 18. Rxc3 dxc3 19. Bxf8 Qxf8 20. d6 Be6 21. Qxc3
Bxa2 22. Qxe5 Re8 23. Qd4 b6 24. Qa4 Be6 25. Qxa7 Bc4 26. e3 b5 27. Qd4 Rb8 28.
e4 Be6 29. Qb4 f6 30. f4 Qc8 31. e5 fxe5 32. fxe5 Qc2 33. Qd4 Qc4 34. Qa7 Rf8
35. Qe7 Qc5+ 36. Kh1 Bb3 37. Qxf8+ Kxf8 38. d7 Bxd1 39. d8=Q+ Kf7 40. Qxd1 Qxe5
41. Qd5+ Kf6 42. Qd8+ Kg6 43. Qd3+ Kf6 44. Bf1 b4 45. Qd8+ Qe7 46. Qxe7+ Kxe7
47. Bc4 Kd6 48. Kg2 Ke5 49. Kf3 h5 50. Ke3 Kf5 51. h3 Ke5 52. g4 hxg4 53. hxg4
Kf6 54. Kf4 Kg6 55. Bd3+ Kf7 56. Kf5 Kg8 57. Kg6 b3 58. Be4 b2 59. Bb1 Kh8 60.
Kf7 g5 61. Kg6 1-0

[Event "Millionaire Chess Op 2016"]
[Site "Atlantic City USA"]
[Date "2016.10.08"]
[Round "6.18"]
[White "Salinas Herrera, Pablo"]
[Black "Lim, Zhuo Ren"]
[Result "1-0"]
[WhiteTitle "IM"]
[BlackTitle "FM"]
[WhiteElo "2475"]
[BlackElo "2217"]
[WhiteFideId "3407128"]
[BlackFideId "5702488"]
[EventDate "2016.10.06"]

1. e4 c5 2. Nf3 d6 3. Bb5+ Nc6 4. O-O Bd7 5. Re1 Nf6 6. c3 a6 7. Bf1 Bg4 8. h3
Bh5 9. d4 cxd4 10. cxd4 Bxf3 11. gxf3 g6 12. d5 Nb8 13. Nc3 Bg7 14. Be3 O-O 15.
Rc1 Nbd7 16. b4 Nh5 17. Ne2 f5 18. exf5 Rxf5 19. Ng3 Rf8 20. Nxh5 gxh5 21. f4 h4
22. Qg4 Kh8 23. Bd3 Bf6 24. Kh1 Rg8 25. Qf5 Nf8 26. Rc2 Ng6 27. a4 Rc8 28. Rxc8
Qxc8 29. Rc1 Qf8 30. Qh5 Qg7 31. Rg1 Qf7 32. Be4 Bc3 33. Rg4 Bf6 34. Rg1 Bc3 35.
Rg2 Bb2 36. f3 Ba1 37. Bf5 Qf6 38. Be6 Rd8 39. f5 Ne5 40. Bg5 Qf8 41. Bh6 1-0

[Event "Millionaire Chess Op 2016"]
[Site "Atlantic City USA"]
[Date "2016.10.08"]
[Round "6.19"]
[White "Ashwin, Jayaram"]
[Black "Tomb, Maroun"]
[Result "1-0"]
[WhiteTitle "GM"]
[WhiteElo "2468"]
[BlackElo "2109"]
[WhiteFideId "5018137"]
[BlackFideId "5300398"]
[EventDate "2016.10.06"]

1. d4 Nf6 2. c4 d6 3. Nf3 Nbd7 4. Nc3 e5 5. e4 Be7 6. Be2 O-O 7. O-O c6 8. Qc2
Qc7 9. Rd1 Re8 10. h3 a5 11. b3 h6 12. Be3 exd4 13. Nxd4 Nc5 14. Bf3 Nh7 15. Rd2
Bd7 16. Bg4 Rad8 17. Rad1 Bxg4 18. hxg4 Bg5 19. Bxg5 Nxg5 20. f3 g6 21. Kh1 Kg7
22. Re2 Qe7 23. Kg1 Qe5 24. Qd2 Nce6 25. Nxe6+ Nxe6 26. Rf2 Nf4 27. Ne2 Nxe2+
28. Rxe2 a4 29. Qb4 axb3 30. axb3 Re7 31. Red2 Red7 32. Rd3 d5 33. cxd5 cxd5 34.
Qb5 h5 35. gxh5 Qxh5 36. exd5 Re7 37. Qb4 Re2 38. R3d2 Rde8 39. Qd4+ Kg8 40.
Rxe2 Rxe2 41. Rd2 Rxd2 42. Qxd2 Qe5 43. d6 Kf8 44. Qb4 Qe3+ 45. Kh2 Ke8 46. Qa4+
Kd8 47. Qa8+ Kd7 48. Qxb7+ Kxd6 49. Qb4+ Kd7 50. Kg3 f5 51. Qa4+ Ke7 52. Qh4+
Kf7 53. Qc4+ Ke7 54. b4 Qg5+ 55. Kf2 Kd7 56. b5 Qd2+ 57. Kg3 Qg5+ 58. Kh2 Qh6+
59. Kg1 Qe3+ 60. Kf1 Kd8 61. Qg8+ Kd7 62. Qf7+ Kd8 63. Qf6+ Kd7 64. Qc6+ Kd8 65.
Qd6+ Kc8 66. b6 Qc1+ 67. Kf2 g5 68. Qe6+ Kb7 69. Qxf5 Kxb6 70. Qe6+ Kc7 71. Qe5+
Kd7 72. Kg3 Qd2 73. Qf5+ Ke7 74. Kh3 Kd6 75. g3 Ke7 76. Kg4 Qd4+ 77. Kxg5 Qg7+
78. Kh4 Qh6+ 79. Kg4 Qh1 80. f4 Qd1+ 81. Kg5 Qf3 82. g4 Qh1 83. Qf6+ Ke8 84. f5
Qc1+ 85. Kg6 Qf4 86. g5 Qd2 87. Qe6+ Kd8 88. f6 Qc2+ 89. Kg7 Qb1 90. Qe7+ Kc8
91. f7 Qb2+ 92. Kg8 Qb3 93. g6 Qd5 94. Kg7 Qd4+ 95. Qf6 Qd7 96. Kg8 Qd5 97. Qf5+ 1-0

[Event "Millionaire Chess Op 2016"]
[Site "Atlantic City USA"]
[Date "2016.10.08"]
[Round "6.20"]
[White "Burnett, Ronald"]
[Black "Kaliksteyn, Alexander"]
[Result "0-1"]
[WhiteTitle "IM"]
[BlackTitle "FM"]
[WhiteElo "2317"]
[BlackElo "2412"]
[WhiteFideId "2002159"]
[BlackFideId "2007630"]
[EventDate "2016.10.06"]

1. d4 d5 2. c4 e6 3. Nf3 c6 4. Nbd2 Nf6 5. g3 c5 6. Bg2 Nc6 7. dxc5 Bxc5 8. O-O
O-O 9. a3 a5 10. Qc2 Qe7 11. Nb3 Bb6 12. Bg5 h6 13. Bxf6 Qxf6 14. Rad1 a4 15.
Nc5 Bxc5 16. cxd5 exd5 17. Qxc5 Qxb2 18. Rd2 Qb3 19. Nd4 Nxd4 20. Bxd5 Ne6 21.
Qxf8+ Kxf8 22. Bxb3 axb3 23. Rc1 b6 24. Rc6 Rb8 25. a4 Ba6 26. Rc3 Nc5 27. Rd4
b2 28. Rb4 Nxa4 29. Ra3 Rc8 0-1

[Event "Millionaire Chess Op 2016"]
[Site "Atlantic City USA"]
[Date "2016.10.09"]
[Round "7.1"]
[White "Jones, Gawain C B"]
[Black "Adhiban, Baskaran"]
[Result "1-0"]
[WhiteTitle "GM"]
[BlackTitle "GM"]
[WhiteElo "2647"]
[BlackElo "2689"]
[WhiteFideId "409561"]
[BlackFideId "5018471"]
[EventDate "2016.10.06"]

1. c4 e5 2. g3 d6 3. Nc3 g6 4. Bg2 Bg7 5. d3 Nf6 6. e4 O-O 7. Nge2 c6 8. O-O a6
9. b4 b5 10. a4 bxc4 11. dxc4 Be6 12. Qd3 Nbd7 13. Qxd6 Qb8 14. Rd1 Rc8 15. b5
axb5 16. cxb5 Qxd6 17. Rxd6 cxb5 18. Nxb5 Bf8 19. Rd1 Bb3 20. Rd2 Rxa4 21. Rxa4
Bxa4 22. Nbc3 Bb4 23. Ra2 Bb3 24. Rb2 Bxc3 25. Rxb3 Bd4 26. Be3 Nc5 27. Ra3 Bxe3
28. Rxe3 Ra8 29. f3 g5 30. Rc3 Ra5 31. Kf2 h5 32. Ke3 Ne6 33. h4 gxh4 34. gxh4
Nf8 35. Kf2 Ra2 36. Re3 Ng6 37. Kg3 Nd7 38. Bh3 Nb6 39. Bf5 Nc4 40. Rc3 Rxe2 41.
Rxc4 Nf4 42. Bh3 Re1 43. Rc5 f6 44. Rc8+ Kf7 45. Rc7+ Kf8 46. Rc2 Ke7 47. Rd2
Rc1 48. Bf5 Rf1 49. Rd7+ Ke8 50. Rd2 Rg1+ 51. Kh2 Rg7 52. Ra2 Rc7 53. Rd2 Ke7
54. Kg3 Ra7 55. Kh2 Ke8 56. Kg3 Ra3 57. Bd7+ Kd8 58. Bf5+ Kc7 59. Kf2 Kc6 60.
Rc2+ Kd6 61. Kg3 Ra8 62. Kh2 Ra1 63. Kg3 Rf1 64. Bc8 Rg1+ 65. Kh2 Rf1 66. Kg3
Rd1 67. Bh3 Nd3 68. Rc8 Ke7 69. Rc7+ Ke8 70. Rc8+ Ke7 71. Rc7+ Ke8 72. Rd7 Nf2
73. Rxd1 Nxd1 74. f4 Nc3 75. Kf3 Nb5 76. f5 Nd4+ 77. Ke3 Nc2+ 78. Kf2 Kf8 79.
Bf1 Kg7 80. Be2 Kh6 81. Bd1 Nd4 82. Ke3 Nb5 83. Kd3 Nd4 84. Kc4 Nc6 85. Kc5 Nd4
86. Kb4 Nc6+ 87. Kc4 Nd4 88. Kc5 Kg7 89. Bxh5 Nc2 90. Kd6 Nd4 91. Bd1 Kf7 92. h5
Nb5+ 93. Kc6 Nc3 94. Bf3 Nb1 95. Kd7 Nd2 96. Bg2 Nb3 97. h6 Nc5+ 98. Kd6 Nd3 99.
Bf3 Nf4 100. Bd1 Nh3 101. Bb3+ Kf8 102. Ke6 Ng5+ 103. Kxf6 Nxe4+ 104. Kg6 Nc5
105. h7 1-0

[Event "Millionaire Chess Op 2016"]
[Site "Atlantic City USA"]
[Date "2016.10.09"]
[Round "7.2"]
[White "Swiercz, Dariusz"]
[Black "Mamedov, Rauf"]
[Result "1/2-1/2"]
[WhiteTitle "GM"]
[BlackTitle "GM"]
[WhiteElo "2636"]
[BlackElo "2678"]
[WhiteFideId "1126881"]
[BlackFideId "13401653"]
[EventDate "2016.10.06"]

1. e4 d6 2. d4 Nf6 3. Nc3 g6 4. f4 Bg7 5. Nf3 O-O 6. Bd3 Na6 7. O-O c5 8. d5 Nc7
9. a4 Bg4 10. h3 Bxf3 11. Rxf3 a6 12. a5 Nb5 13. Ne2 e6 14. dxe6 fxe6 15. f5
gxf5 16. exf5 e5 17. c4 Nd4 18. Nxd4 cxd4 19. Bg5 d5 20. cxd5 Qxd5 21. Qe2 Kh8
22. Bxf6 Bxf6 23. Be4 Qf7 24. Raa3 Rac8 25. Rab3 Rc7 26. Kh2 Bg5 27. Rb6 Qg7 28.
g3 Be3 29. f6 Qd7 30. Rf1 Qa4 31. b4 Qd7 32. h4 Qf7 33. Rf5 Qb3 34. Rh5 Bg1+ 35.
Kh3 d3 36. Qg4 Qa2 37. Qf5 Qh2+ 38. Kg4 Qe2+ 39. Kh3 Qh2+ 40. Kg4 Qe2+ 41. Kh3 1/2-1/2

[Event "Millionaire Chess Op 2016"]
[Site "Atlantic City USA"]
[Date "2016.10.09"]
[Round "7.3"]
[White "Cordova, Emilio"]
[Black "Xiong, Jeffery"]
[Result "1/2-1/2"]
[WhiteTitle "GM"]
[BlackTitle "GM"]
[WhiteElo "2637"]
[BlackElo "2647"]
[WhiteFideId "3801497"]
[BlackFideId "2047640"]
[EventDate "2016.10.06"]

1. Nf3 c5 2. b3 Nf6 3. Bb2 g6 4. c4 Bg7 5. g3 b6 6. Bg2 Bb7 7. O-O O-O 8. Nc3 d6
9. d4 cxd4 10. Qxd4 Nbd7 11. Rfd1 a6 12. Qh4 Rc8 13. Rac1 Rc5 14. b4 Rc7 15. Ne1
Qc8 16. Bxb7 Qxb7 17. Nd5 Nxd5 18. Bxg7 Kxg7 19. cxd5 Nf6 20. Rxc7 Qxc7 21. Qd4
Rc8 22. e4 Qc4 23. f3 Qxa2 24. Ra1 Qb3 25. Qxb6 Rc4 26. Qxa6 Qxb4 27. Kf1 g5 28.
Qa7 Rc3 29. h3 Nxe4 30. fxe4 Qxe4 31. Ra3 Qh1+ 32. Ke2 Rc1 33. Qd4+ f6 34. Qb4
Qh2+ 35. Kf1 Qh1+ 36. Ke2 Qxd5 37. Re3 Kf7 38. Kf2 Qf5+ 39. Kg2 Qd5+ 40. Kf2 h5
41. Qb2 Rd1 42. Nf3 Rd3 43. Qc2 Rxe3 44. Qh7+ Ke8 45. Qxh5+ Kd7 46. Kxe3 Qb3+
47. Ke2 Qc4+ 48. Ke3 1/2-1/2

[Event "Millionaire Chess Op 2016"]
[Site "Atlantic City USA"]
[Date "2016.10.09"]
[Round "7.4"]
[White "Troff, Kayden W"]
[Black "Zhou, Jianchao"]
[Result "1/2-1/2"]
[WhiteTitle "GM"]
[BlackTitle "GM"]
[WhiteElo "2501"]
[BlackElo "2630"]
[WhiteFideId "2047896"]
[BlackFideId "8603537"]
[EventDate "2016.10.06"]

1. d4 Nf6 2. c4 e6 3. Nf3 d5 4. Nc3 c5 5. cxd5 Nxd5 6. e4 Nxc3 7. bxc3 cxd4 8.
cxd4 Bb4+ 9. Bd2 Bxd2+ 10. Qxd2 O-O 11. Bb5 b6 12. O-O Bb7 13. Qe3 Nd7 14. Rac1
a6 15. Bc6 Qc7 16. Ba4 Qd8 17. Bc6 Qc7 18. Ba4 Qd8 1/2-1/2

[Event "Millionaire Chess Op 2016"]
[Site "Atlantic City USA"]
[Date "2016.10.09"]
[Round "7.5"]
[White "Iturrizaga Bonelli, Eduardo"]
[Black "Liang, Awonder"]
[Result "1/2-1/2"]
[WhiteTitle "GM"]
[BlackTitle "IM"]
[WhiteElo "2658"]
[BlackElo "2478"]
[WhiteFideId "3901211"]
[BlackFideId "2056437"]
[EventDate "2016.10.06"]

1. c4 Nf6 2. Nc3 c5 3. Nf3 d5 4. cxd5 Nxd5 5. Qb3 e6 6. g3 Nc6 7. Bg2 Be7 8. O-O
O-O 9. d3 b6 10. Bd2 Bb7 11. Rfc1 Rc8 12. a3 Qd7 13. Rab1 Rfd8 14. Qd1 Nf6 15.
Be3 h6 16. h3 Nd5 17. Bd2 e5 18. h4 Nxc3 19. Bxc3 Bd6 20. Nd2 b5 21. Ne4 Be7 22.
Be1 Nd4 23. Ba5 Rf8 24. e3 Ne6 25. Qf3 Nd8 26. Bxd8 Rcxd8 27. Qh5 Bxe4 28. dxe4
Qe6 29. Rd1 Rxd1+ 30. Rxd1 Rd8 31. Rd5 Rxd5 32. exd5 Qd6 33. Qf5 g6 34. Qc8+ Kg7
35. h5 gxh5 36. Be4 Qf6 37. Qd7 1/2-1/2

[Event "Millionaire Chess Op 2016"]
[Site "Atlantic City USA"]
[Date "2016.10.09"]
[Round "7.6"]
[White "Shankland, Samuel L"]
[Black "Perelshteyn, Eugene"]
[Result "1/2-1/2"]
[WhiteTitle "GM"]
[BlackTitle "GM"]
[WhiteElo "2679"]
[BlackElo "2489"]
[WhiteFideId "2004887"]
[BlackFideId "2012529"]
[EventDate "2016.10.06"]

1. e4 c5 2. Nf3 d6 3. d4 cxd4 4. Nxd4 Nf6 5. Nc3 Nc6 6. Bg5 g6 7. Bxf6 exf6 8.
Bb5 Bd7 9. Qd3 Bg7 10. O-O-O O-O 11. Nxc6 Bxc6 12. Bc4 f5 13. exf5 Qg5+ 14. Kb1
Qxf5 15. Qxf5 gxf5 16. Nd5 Rae8 17. Rhe1 Kh8 18. f4 Re6 19. g3 Rfe8 20. Rxe6
Rxe6 21. Nb4 Bf3 22. Bxe6 Bxd1 23. Bxf5 Bd4 24. Be4 Bg4 25. Bg2 h5 26. h3 Bf5
27. Bf3 Bxh3 28. Bxh5 Bf2 29. Bxf7 Bxg3 30. Bd5 b6 31. Nc6 a5 32. Ne7 Kg7 33.
Bc4 Bxf4 34. Nd5 Be6 35. Nxb6 Be3 36. Bxe6 Bxb6 37. c3 Kf6 38. Bh3 Ke5 39. Kc2
d5 40. Bf1 d4 41. c4 Kd6 42. Kb3 Kc5 43. Ka4 Bd8 44. a3 Kb6 45. b4 axb4 46. axb4
Be7 47. Bd3 Bf8 1/2-1/2

[Event "Millionaire Chess Op 2016"]
[Site "Atlantic City USA"]
[Date "2016.10.09"]
[Round "7.7"]
[White "Akobian, Varuzhan"]
[Black "Salinas Herrera, Pablo"]
[Result "1-0"]
[WhiteTitle "GM"]
[BlackTitle "IM"]
[WhiteElo "2625"]
[BlackElo "2475"]
[WhiteFideId "13300580"]
[BlackFideId "3407128"]
[EventDate "2016.10.06"]

1. d4 d5 2. c4 c6 3. Nc3 Nf6 4. e3 e6 5. Nf3 Nbd7 6. Qc2 Bd6 7. Bd3 O-O 8. O-O
dxc4 9. Bxc4 a6 10. Rd1 b5 11. Be2 Qc7 12. e4 e5 13. Bg5 exd4 14. Rxd4 Ng4 15.
h3 Nge5 16. Nxe5 Bxe5 17. Rd2 Re8 18. a4 b4 19. Na2 Rb8 20. Nc1 h6 21. Be3 Nf6
22. Bd3 Be6 23. Nb3 a5 24. Nc5 b3 25. Qd1 Bc8 26. Ra3 Nd7 27. Nxd7 Bxd7 28. Bc4
Be6 29. Bxe6 Rxe6 30. Rxb3 Rxb3 31. Qxb3 Bh2+ 32. Kf1 Rxe4 33. Qd1 Re8 34. Rd7
Qc8 35. g3 Qa6+ 36. Kg2 Bxg3 37. Rd8 1-0

[Event "Millionaire Chess Op 2016"]
[Site "Atlantic City USA"]
[Date "2016.10.09"]
[Round "7.8"]
[White "Bruzon Batista, Lazaro"]
[Black "Ashwin, Jayaram"]
[Result "1-0"]
[WhiteTitle "GM"]
[BlackTitle "GM"]
[WhiteElo "2615"]
[BlackElo "2468"]
[WhiteFideId "3503739"]
[BlackFideId "5018137"]
[EventDate "2016.10.06"]

1. e4 c6 2. d4 d5 3. e5 Bf5 4. Nf3 e6 5. Be2 Ne7 6. O-O Bg6 7. c3 Nd7 8. Nbd2
Nf5 9. Ne1 c5 10. Ndf3 cxd4 11. cxd4 Be7 12. Nd3 Bh5 13. Nf4 Bg4 14. h3 Bxf3 15.
Bxf3 Qb6 16. Bg4 Nh6 17. Nh5 O-O-O 18. Nxg7 Nxg4 19. hxg4 f6 20. exf6 Bxf6 21.
Nxe6 Qxe6 22. Bf4 Nb6 23. Rc1+ Nc4 24. b3 Qe4 25. Bh2 b5 26. Re1 Qxd4 27. Qf3
Rhf8 28. Qg3 Qb6 29. bxc4 dxc4 30. Re6 Bh4 31. Qe5 Bxf2+ 32. Kh1 Qb7 33. Re7 Rd7
34. Rxd7 Kxd7 35. Rd1+ 1-0

[Event "Millionaire Chess Op 2016"]
[Site "Atlantic City USA"]
[Date "2016.10.09"]
[Round "7.9"]
[White "Zherebukh, Yaroslav"]
[Black "Rozman, Levy"]
[Result "1-0"]
[WhiteTitle "GM"]
[BlackTitle "FM"]
[WhiteElo "2612"]
[BlackElo "2354"]
[WhiteFideId "14116804"]
[BlackFideId "2039877"]
[EventDate "2016.10.06"]

1. d4 d5 2. c4 dxc4 3. e4 b5 4. a4 c6 5. axb5 cxb5 6. Nc3 a6 7. Nxb5 axb5 8.
Rxa8 Bb7 9. Ra1 e6 10. f3 f5 11. exf5 Nc6 12. Ne2 exf5 13. Nf4 Nf6 14. Ne6 Bb4+
15. Kf2 Qd7 16. d5 Ne7 17. Bd2 Bd6 18. Bf4 Nexd5 19. Bxd6 Qxd6 20. Qd4 Qxe6 21.
Re1 Ne4+ 22. fxe4 fxe4 23. Rxe4 O-O+ 24. Kg1 Qf5 25. Re1 Nb4 26. Qb6 Kh8 27. h4
Nc2 28. Rd1 Qf4 29. Rh3 Be4 30. Be2 Bxg2 31. Kxg2 Qe4+ 32. Bf3 Ne1+ 33. Rxe1
Qxe1 34. Qd6 Re8 35. Rg3 h6 36. Rg4 Qe3 37. Rf4 Kg8 38. h5 Qe5 39. Rf8+ 1-0